Countries in the coastline (Asia) - Statistics

General Stats
  • This quiz has been taken 25 times
    24 since last reset
  • The average score is 29 of 30
Answer Stats
Clue What
Letter it
Starts
With
Answer % Correct
It got independence from Pakistan and touches Myanmar B Bangladesh
100%
It touches Malaysia B Brunei
100%
It touches Thailand C Cambodia
100%
It borders Mongolia C China
100%
It touches Pakistan in the west I Iran
100%
It’s name is similar to “Iran” I Iraq
100%
It’s flag has a red soot in the centre J Japan
100%
It is a small country that touches iraq K Kuwait
100%
It has a language called “Malay” M Malaysia
100%
It is a Korea in the north N K North Korea
100%
It is the only country that starts with O O Oman
100%
It has a green flag with a star and a crescent P Pakistan
100%
It is the only country that starts with Q Q Qatar
100%
It is the largest country in the Arabs S A Saudi Arabia
100%
It is a Korea in the south S K South Korea
100%
It is below India S L Sri Lanka
100%
Is has Thai food T Thailand
100%
It has a city named “Dubai” U UAE
100%
It touches Oman and it is the only country that starts with the letter Y Y Yemen
100%
It’s capital is “Kabul” A Afghanistan
95%
It is close to Qatar B Bahrain
95%
It is the largest country which has Muslim people I Indonesia
95%
It starts with L L Laos
95%
It is an island below India M Maldives
95%
It is also known as “Burma” M Myanmar
95%
It is in South Asia I India
90%
It starts with a digraph (PH) P Philippines
90%
It’s flag is similar to China’s flag V Vietnam
90%
It’s short name is called “SG” S Singapore
85%
It is the second most eastern Asian country E T (T L) East Timor (Timor Leste)
70%
No matching quizzes found
Score Distribution
Percent of People with Each Score
Percentile by Number Answered
Your Score History
You have not taken this quiz since the last reset